=LDR 00000nam 2200000 4500 =001 INLIS000000000810427 =005 20251209092445 =035 ##$$a 0010-1225000065 =007 ta =008 251209###########################0###### =020 ##$$a 9789792658712 =082 ##$$a 297.21 =084 ##$$a 297.21 SID m =245 ##$$a Membela Hadits Nabi shallallahu ‘alaihi wa sallam /$c Abu Ubaidah Yusuf bin Mukhtar as-Sidawi =250 ##$$a Cet. 1 =260 ##$:$b Media Tarbiyah =300 ##$$a 414 halaman ; $c 16 cm x 24 cm